Find the '80s Cartoon Quiz Stats

 Plays Quiz Updated Oct 20, 2018

Score 0/25 Timer 05:00
7 Plays Today
Question Answer Wrong Answers
Teenage Mutant Ninja Turtles Teenage Mutant Ninja Turtles
97.9%
Voltron: Defender of the Universe
0%
He-Man and the Masters of the Universe
0.1%
Turbo-Teen
0.1%
The Flintstone Kids The Flintstone Kids
97.7%
Pound Puppies
0.1%
Teenage Mutant Ninja Turtles
0%
The Snorks
0.1%
The Smurfs The Smurfs
97.7%
The Snorks
0.2%
Disney's Adventures of the Gummi Bears
0.1%
Muppet Babies
0.1%
My Little Pony My Little Pony
97.5%
The Flintstone Kids
0.1%
The Care Bears
0.3%
The Snorks
0.1%
Inspector Gadget Inspector Gadget
97.4%
Count Duckula
0.1%
The Real Ghostbusters
0.2%
Camp Candy
0.2%
Jim Henson's Muppet Babies Jim Henson's Muppet Babies
97.2%
The Flintstone Kids
0.2%
The Care Bears
0.4%
DuckTales
0.1%
Pound Puppies Pound Puppies
97.1%
Count Duckula
0.1%
The Wuzzles
0.6%
ThunderCats
0.2%
G.I. Joe: A Real American Hero G.I. Joe: A Real American Hero
96.7%
The Transformers
0.4%
Hulk Hogan's Rock 'n' Wrestling
0.7%
Rainbow Brite
0.1%
Count Duckula Count Duckula
96.7%
DuckTales
1.1%
Jim Henson's Muppet Babies
0.1%
Pound Puppies
0.1%
The Snorks The Snorks
96.5%
The Smurfs
0.5%
The Real Ghostbusters
0.2%
Disney's Adventures of the Gummi Bears
0.7%
Hulk Hogan's Rock 'n' Wrestling Hulk Hogan's Rock 'n' Wrestling
96.5%
The Flintstone Kids
0.1%
ThunderCats
0.4%
Jem
0.9%
The Real Ghostbusters The Real Ghostbusters
96.4%
Camp Candy
0.5%
G.I. Joe: A Real American Hero
1%
DuckTales
0.1%
ThunderCats ThunderCats
95.8%
He-Man and the Masters of the Universe
1.4%
Inspector Gadget
0.2%
Hulk Hogan's Rock 'n' Wrestling
0.6%
The Care Bears The Care Bears
95%
The Wuzzles
3%
Pound Puppies
0.1%
Teenage Mutant Ninja Turtles
0.1%
Disney's Adventures of the Gummi Bears Disney's Adventures of the Gummi Bears
94.1%
DuckTales
0.3%
Camp Candy
0.7%
Rainbow Brite
2.9%
Camp Candy Camp Candy
93.4%
Inspector Gadget
0.2%
Jim Henson's Muppet Babies
3.8%
Turbo-Teen
0.5%
He-Man and the Masters of the Universe He-Man and the Masters of the Universe
90.9%
ThunderCats
1.9%
G.I. Joe: A Real American Hero
2.9%
M.A.S.K.
2.4%
DuckTales DuckTales
90.8%
Disney's Adventures of the Gummi Bears
0.2%
Count Duckula
7%
The Wuzzles
0.1%
Turbo-Teen Turbo-Teen
90.5%
G.I. Joe: A Real American Hero
1.4%
He-Man and the Masters of the Universe
0.3%
Jem
5.8%
M.A.S.K. M.A.S.K.
90.3%
The Transformers
2%
The Real Ghostbusters
2.1%
Voltron: Defender of the Universe
3.5%
Rainbow Brite Rainbow Brite
89.1%
Jem
2.9%
My Little Pony
5.9%
Hulk Hogan's Rock 'n' Wrestling
0.1%
Jem Jem
88.5%
Rainbow Brite
6.9%
Inspector Gadget
0.5%
My Little Pony
2%
The Wuzzles The Wuzzles
85.6%
Disney's Adventures of the Gummi Bears
8.1%
My Little Pony
1.5%
The Care Bears
2.7%
The Transformers The Transformers
83.4%
Voltron: Defender of the Universe
14.3%
M.A.S.K.
0.2%
Teenage Mutant Ninja Turtles
0.1%
Voltron: Defender of the Universe Voltron: Defender of the Universe
82.8%
The Transformers
7%
M.A.S.K.
8%
The Smurfs
0.1%

You're not logged in!

Compare scores with friends on all Sporcle quizzes.
OR
Log In

Sporcle TV

Today on Sporcle TV


Watch our educational content, quiz creation guides, and fun videos on Sporcle TV.

Show Comments

Extras

Top Quizzes Today


Score Distribution

Your Account Isn't Verified!

In order to create a playlist on Sporcle, you need to verify the email address you used during registration. Go to your Sporcle Settings to finish the process.

Report this User

Report this user for behavior that violates our Community Guidelines.

Details: